Bases psicopedagógicas de la educación especial: evaluación e intervención
Sparad:
| Huvudupphovsman: | |
|---|---|
| Materialtyp: | Bok |
| Språk: | spanska |
| Publicerad: |
Madrid
CCS
1998
|
| Upplaga: | 2a. ed |
| Serie: | Colección Campus,7
|
| Ämnen: | |
| Taggar: |
Lägg till en tagg
Inga taggar, Lägg till första taggen!
|
MARC
| LEADER | 00000nam a2200000 a 4500 | ||
|---|---|---|---|
| 001 | UCO8983 | ||
| 003 | CL-VaPUC | ||
| 008 | 010119e19980000SP |||||||||||||||||spa|d | ||
| 082 | 0 | 4 | |a 371.9 |b CAS |2 21 |
| 100 | 0 | |a Castanedo Secadas, Celedonio |e author |9 454020 | |
| 245 | 1 | 0 | |a Bases psicopedagógicas de la educación especial: evaluación e intervención |
| 250 | |a 2a. ed | ||
| 300 | |a 360 p | ||
| 942 | |c BK | ||
| 945 | |d 20010119 00:00:00 |a vberengu | ||
| 260 | |a Madrid |b CCS |c 1998 | ||
| 650 | 0 | |a Alumnos atípicos |9 340239 | |
| 650 | 0 | |a Alumnos retrasados |9 340619 | |
| 650 | 0 | |a Alumnos superdotados |9 414508 | |
| 650 | 0 | |a Autismo |9 307911 | |
| 650 | 7 | |a COMPORTAMIENTO DEL ALUMNO |2 CL-VaPUC |9 338060 | |
| 650 | 0 | |a Deficiencia mental |9 334734 | |
| 650 | 0 | |a Educación especial |9 307486 | |
| 650 | 7 | |a SORDERA |2 CL-VaPUC |9 311920 | |
| 650 | 0 | |a Trastornos del aprendizaje |9 307969 | |
| 650 | 0 | |a Trastornos del comportamiento |9 311363 | |
| 583 | |a last modification |c 20170907 01:01:13 |k Rodrigo Vera | ||
| 490 | 0 | |a Colección Campus,7 | |
| 999 | |c 293396 |d 293394 | ||
| 952 | |0 0 |1 0 |4 0 |6 371_900000000000000_CAS_1998 |7 0 |8 A |9 344880 |a BIBEDU |b BIBEDU |d 2019-11-20 |i 3662004 |o 371.9 CAS 1998 |p 3662004 |r 2019-11-20 |w 2019-11-20 |y BK |k BME | ||